Fr. Conceicao Rodrigues College of Engineering

Essentials of Digital signal processing using Matlab (Record no. 27781)

MARC details
000 -LEADER
fixed length control field 00403nam a2200181Ia 4500
082 ## - DEWEY DECIMAL CLASSIFICATION NUMBER
Classification number 621.3822
Item number ING
100 ## - MAIN ENTRY--PERSONAL NAME
Personal name Ingle/Vinay K/ Proakis/J.G
250 ## - EDITION STATEMENT
Edition statement 3
245 ## - TITLE STATEMENT
Title Essentials of Digital signal processing using Matlab
260 ## - PUBLICATION, DISTRIBUTION, ETC.
Name of publisher, distributor, etc. Cengage Learning
Date of publication, distribution, etc. 2012
366 ## - TRADE AVAILABILITY INFORMATION
Publishers's discount category 20
300 ## - PHYSICAL DESCRIPTION
Extent 652
546 ## - LANGUAGE NOTE
Language note ENGLISH
-- TTL
650 ## - SUBJECT ADDED ENTRY--TOPICAL TERM
Topical term or geographic name entry element DSP
654 ## - SUBJECT ADDED ENTRY--FACETED TOPICAL TERMS
Focus term matlab
942 ## - ADDED ENTRY ELEMENTS (KOHA)
Koha item type BOOK
Holdings
Withdrawn status Lost status Damaged status Not for loan Collection Home library Current library Date acquired Source of acquisition Cost, normal purchase price Inventory number Total Checkouts Full call number Barcode Date last seen Cost, replacement price Price effective from Koha item type
        CRC Fr. Agnel's C.Rodrigues College of Engineering Fr. Agnel's C.Rodrigues College of Engineering 17/03/2023 Book Service Syndicate 360.00 58 dt 11.06.2014   621.3822 ING 23201 17/03/2023 450.00   BOOK